000 01190nam a22002537a 4500
005 20240305165504.0
007 cr|||| ||||
008 180402s2016 mx |||||s|||| 00||0 spa d
020 _a978-607-8156-42-9
035 _a21196
040 _avLex
090 _c7640
_d7640
100 1 _aGarcía Flores, Alan Jair
245 1 0 _aSeguridad ciudadana y política criminal
_h[Recurso electrónico] :
_b¿Cambio paradigmático o discurso simbólico? /
_cAlan Jair García Flores
256 _aServicio en línea
260 _aVeracruz:
_bUniversidad de Xalapa,
_c2016
300 _a1 recurso electrónico (296 p.)
506 1 _aDisponible solo en los productos indicados
_dvLex Global
_dvLex Global (Academic Edition, excluding Law Schools)
_dvLex Global (U.S. Academic Edition, Law Schools)
_dvLex Global (U.S. Academic Edition, excluding Law Schools)
_dvLex Global (Academic Edition, Law Schools)
650 0 4 _aDerecho Penal
_zMéxico
650 0 4 _aDerecho Público y Administrativo
_zMéxico
740 0 _avLex Libros (Servicio en línea)
856 4 0 _uhttps://app.vlex.com/#/sources/seguridad-ciudadana-politica-criminal-cambio-paradigmatico-discurso-simbolico-21196
942 _cRAA
999 _c165877
_d165877